Statistics for The Scientific Names of Animals (Easier Version)

Click here to take the quiz!

General Stats

  • This quiz has been taken 8 times
  • The average score is 14 of 22

Answer Stats

QuestionAnswer% Correct
Alligator mississippiensisAmerican Alligator
100%
Carcharodon carchariasGreat White Shark
100%
Panthera LeoLion
100%
Falco peregrinusPeregrine Falcon
100%
Iguana IguanaGreen Iguana
83%
Phelsuma madagascariensis madagascariensisMadagascan Day Gecko
83%
Ramphastos tocoToco Toucan
83%
Magicicada septendecim17 Year Cicada
67%
Haliaeetus leucocephalusBald Eagle
67%
Lucanus CervusEuropean Stag Beetle
67%
Danaus plexippusMonarch Butterfly
67%
Lemur CattaRing Tailed Lemur
67%
Ara MacaoScarlet Macaw
67%
Salmo SalarAtlantic Salmon
50%
Gorilla beringei beringeiMountain Gorilla
50%
AmblypygiTailless Whipscorpions
50%
Scomber scombrusAtlantic Mackrel
33%
Phyllobates terribilisGolden Poison Treefrog
33%
Ardea HerodiasGreat Blue Heron
33%
Potos FlavusKinkajou
33%
Agalychnis callidryasRed-Eyed Treefrog
33%
Thunnus albacaresYellowfin Tuna
33%

Score Distribution

Percentile by Number Answered

Percent of People with Each Score

Your Score History

You have not taken this quiz